000 00882cam a2200253 4500
001 ABS62631
008 000000n2000 000 0 eng u
035 _a(Sirsi) u107512
100 _aFreeman, T.
245 _aDot.com deals: what do we do with high-tech tenants?
260 _c2000
490 _aNational Real Estate Investor
_v42(7) June 2000, 74-86(8)
520 _aExamines the office space requirements of the fast expanding high-tech industry. Pinpoints flexibility in lease structure and floor plan as central to meeting high-tech tenants demands. US article.
590 _aABS
650 _aTELECOMMUNICATIONS
650 _aINTERNET
650 _aFLEXIBILITY
650 _aUNITED STATES
650 _aLEASE STRUCTURES
650 _aFLOOR PLAN
650 _aPROPERTY-COMMERCIAL PROPERTY
690 _aLANDLORD AND TENANT-BUSINESS TENANCIES
942 _n0
999 _c64257
_d64257